| 000 | 00608nam a2200181 4500 | ||
|---|---|---|---|
| 999 |
_c8067 _d8067 |
||
| 008 | 171212b xxu||||| |||| 00| 0 eng d | ||
| 020 | _a0471572758 | ||
| 082 |
_21992 _aDC 910 _bD35 |
||
| 100 |
_924920 _aDe Blij, Harm J. |
||
| 245 |
_aGeography regions and concepts / _c H.J. De Blij, Peter O. Muller. |
||
| 250 | _aSixth edition. | ||
| 260 |
_aNew York : _bWiley, _c©1992. |
||
| 300 |
_axvii, 638 pages : _b colored illustrations ; _c28 cm. |
||
| 500 | _aIncludes bibliographical references and indexes. | ||
| 650 | 0 |
_924921 _aGeography. |
|
| 700 |
_924922 _aMuller, Peter O. _dauthor. |
||
| 942 |
_2ddc _cDC |
||